Theatro critico universal, ó, Discursos varios en todo genero de materias, para desengaño de errores comunes

Detalles Bibliográficos
Autor principal: Feyjoó y Montenegro, Benito Jerónimo fray 1676-1764
Formato: Libro
Lenguaje:Spanish
Publicado: en Madrid 1755
Materias:
Colección:Banco de datos
Acervo:Biblioteca Armando Olivares Carrillo de la Universidad de Guanajuato. Fondo Conventos
Descripción Física:10 t. 4°
Tema general:Literatura española
Notas:Daños en la encuadernación
LEADER 00917nam a22001930004500
035 |a 4055 
041 0 |a spa 
050 4 |a PQ6171  |b F4 
100 1 |a Feyjoó y Montenegro, Benito Jerónimo  |c fray  |d 1676-1764 
245 1 0 |a Theatro critico universal, ó, Discursos varios en todo genero de materias, para desengaño de errores comunes  |c escrito por el muy ilustre Señor Don Fray Benito Geronymo Feyjoó, Maestro general de la religion de San Benito, del Consejo de su magestad, etc. 
260 |a en Madrid  |b en la imprenta de Don Eugenio Bieco [sic]  |c 1755 
300 |a 10 t.  |c 4° 
500 |a Daños en la encuadernación  
650 1 0 |a Literatura española  
740 0 |a Discursos varios en todo genero de materias, para desengaño de errores comunes 
949 |a CO. t. 7 (7300) 
942 |c GUANAJUATO 
943 |g Biblioteca Armando Olivares Carrillo de la Universidad de Guanajuato. Fondo Conventos 
999 |c 1148012  |d 1148012